Κατάλογος Βιβλιοθηκών Mediterranean College

Με Praktiker με Σολιδ Ηαωασ Αλλάζει το Σπίτι / Σε Ρυθμό Επιδοτήσεων τα ΜΜΕ (Record no. 9365)

MARC details
000 -LEADER
fixed length control field 01401cam a22001934a 4500
005 - ΗΜΕΡΟΜΗΝΙΑ ΚΑΙ ΩΡΑ ΤΕΛΕΥΤΑΙΑΣ ΕΝΗΜΕΡΩΣΗΣ
Πεδίο ελέγχου 20250605164359.0
008 - FIXED-LENGTH DATA ELEMENTS--GENERAL INFORMATION
Πεδίο ελέγχου σταθερού μήκους 250528s ||||||||||||||||||||||||d
035 ## - SYSTEM CONTROL NUMBER
System control number 24487
040 ## - ΠΗΓΗ ΚΑΤΑΛΟΓΟΓΡΑΦΗΣΗΣ
Φορέας πρωτότυπης καταλογογράφησης MC Athens Campus Library
Γλώσσα καταλογογράφησης Ελληνικά, Μοντέρνα (1453-)
Modifying agency MC Athens Campus Library
Κανόνες περιγραφικής καταλογογράφησης AACR2
245 1# - ΤΙΤΛΟΣ ΚΑΙ ΔΗΛΩΣΗ ΥΠΕΥΘΥΝΟΤΗΤΑΣ
Τίτλος Με Praktiker με Σολιδ Ηαωασ Αλλάζει το Σπίτι / Σε Ρυθμό Επιδοτήσεων τα ΜΜΕ
260 ## - PUBLICATION, DISTRIBUTION, ETC.
Date of publication, distribution, etc. 2019
300 ## - PHYSICAL DESCRIPTION
Extent 50
520 ## - SUMMARY, ETC.
Summary, etc. Βρίσκουμε Τρόπους να Ακούμε Αυτό που Θέλουν οι Καταναλωτές, Καινοτομία και Αξιοπιστία Δίνουν 'Ενέργεια' στους Παρόχους, Το Marketing Πρέπει να Επανεφεύρει τον Ρόλο του, Το Global Media Charter είναι η Μεγάλη Ευκαιρία για το Ψηφιακό Οικοσύστημα, 90 Εταιρίες Ανέδειξαν την Αξία της Εξυπηρέτησης, Η Βιομηχανία των Γραφικών Τεχνών Μεταμορφώνεται, Τα Περιφερειακά ΜΜΕ στην 1η Γραμμή Ενημέρωσης και Ψυχαγωγίας, Η Εταιρική Υπευθυνότητα στον Πυρήνα της Επιχειρηματικής Δράσης.
700 1# - ΠΡΟΣΘΕΤΗ ΑΝΑΓΡΑΦΗ--ΦΥΣΙΚΟ ΠΡΟΣΩΠΟ
Personal name Κορδελάς Δημήτρης
9 (RLIN) 9464
710 2# - ΠΡΟΣΘΕΤΗ ΑΝΑΓΡΑΦΗ--ΣΥΛΛΟΓΙΚΟ ΟΡΓΑΝΟ
Corporate name or jurisdiction name as entry element The Marketing Week
9 (RLIN) 9825
942 ## - ADDED ENTRY ELEMENTS (KOHA)
Koha item type Διπλωματική εργασία
Holdings
Τύπος τεκμηρίου Βιβλιοθήκη Τρέχουσα τοποθεσία Barcode Ημερομηνία απόκτησης Ταξιθετικό σύμβολο Αριθμός αντιτύπου Αρίθμηση σειρών / χρονολογία Κατάσταση απόσυρσης Κατάσταση χαμένου Κατάσταση κατεστραμμένου Μη δανεισμός Σύνολο δανεισμών Ημερομηνία τελευταίας εμφάνισης Η τιμή ισχύει από
Διπλωματική εργασία MC Athens Campus Library MC Athens Campus Library 9780000093646 05/06/2025 MARKETING WEEK 1 1575           05/06/2025 05/06/2025

MC Athens Campus Library
Πατησίων 94 & Κοδριγκτώνος 13, 104 34
Πελλήνης 8 & Πατησίων 107, 112 51
Τ: +30 210 8899600

MC Thessaloniki Campus Library
Ίωνος Δραγούμη 21, 54625 | Ίωνος Δραγούμη 15, 54625
Τ: +30 2310 287779 – Τ: +30 2314 440300